Largest hurricanes & cyclones - Statistics

General Stats
  • This quiz has been taken 9 times
  • The average score is 2 of 10
Answer Stats
Year Formed Hurricane Name % Correct
2012 Sandy
75%
1979 Tip
63%
1996 Lili
13%
2010 Igor
0%
2004 Karl
0%
2009 Morakot
0%
2016 Nicole
0%
2001 Olga
0%
2013 Usagi
0%
2013 Yolanda
0%
No matching quizzes found
Score Distribution
Percent of People with Each Score
Percentile by Number Answered
Your Score History
You have not taken this quiz